|
|
|
|
| LEADER |
00000nam2a2200000 4500 |
| 001 |
112923 |
| 005 |
20231101215107.0 |
| 010 |
|
|
|a 5020139637
|
| 020 |
|
|
|a RU
|b 90-24234ж
|
| 035 |
|
|
|a (RuTPU)RU\TPU\book\122115
|
| 090 |
|
|
|a 112923
|
| 100 |
|
|
|a 20070403d1990 k a0rusy5003 ca
|
| 101 |
0 |
|
|a rus
|
| 102 |
|
|
|a RU
|
| 105 |
|
|
|a a z 001zy
|
| 200 |
0 |
|
|a Вып. 7
|
| 210 |
|
|
|d 1990
|
| 215 |
|
|
|d 22 см
|a 348 с.
|c ил.
|
| 320 |
|
|
|a Библиография в конце статей
|
| 461 |
|
1 |
|0 (RuTPU)RU\TPU\book\150739
|t Вычислительные процессы и системы
|f под ред. Г. И. Марчука
|v Вып. 7
|d 1983-1993
|
| 606 |
1 |
|
|a Вычислительные системы
|2 stltpush
|3 (RuTPU)RU\TPU\subj\67468
|9 83253
|
| 610 |
1 |
|
|a вычислительные машины
|
| 610 |
1 |
|
|a ЭВМ
|
| 610 |
1 |
|
|a вычисления
|
| 610 |
1 |
|
|a сборники
|
| 610 |
1 |
|
|a численный анализ
|
| 610 |
1 |
|
|a математическая физика
|
| 675 |
|
|
|a 681.324(082)
|z rus
|
| 801 |
|
1 |
|a RU
|b 63413507
|c 20070403
|g PSBO
|
| 801 |
|
2 |
|a RU
|b 63413507
|c 20150730
|g PSBO
|
| 942 |
|
|
|c BK
|